Normal view
MARC view
- Wiley series in agrochemicals and plant protection
Entry Uniform Title
001 - CONTROL NUMBER
- control field: 6763
003 - CONTROL NUMBER IDENTIFIER
- control field: NUST
005 - DATE AND TIME OF LATEST TRANSACTION
- control field: 20171124115201.0
008 - FIXED-LENGTH DATA ELEMENTS
- fixed length control field: 171124|| aca||aabn | a|a d
040 ## - CATALOGING SOURCE
- Original cataloging agency: NUST
- Transcribing agency: NUST
130 ## - HEADING--UNIFORM TITLE
- Uniform title: Wiley series in agrochemicals and plant protection
670 ## - SOURCE DATA FOUND
- Source citation: Work cat.: (NUST)0: Pesticide remediation in soils and water /, c1998.
